[Event "III Memorial Oliver Gonzalez (Torneo A)"]
[Site "Polideportivo Daoiz y Velarde,"]
[Date "2012.09.01"]
[Round "1"]
[White "Tipter, Napoleon"]
[Black "Chueca Forcen, Alberto"]
[Result "0-1"]
[WhiteElo "2002"]
[BlackElo "2313"]
[PlyCount "86"]
[EventDate "2012.09.01"]
[EventRounds "9"]
[EventCountry "ESP"]

1. e4 Nf6 2. e5 Nd5 3. d4 d6 4. exd6 exd6 5. Nf3 Be7 6. Be2 O-O 7. O-O Bf5 8.
a3 Bf6 9. c4 Nb6 10. Nc3 Nc6 11. Be3 Re8 12. Rc1 d5 13. cxd5 Ne7 14. Bb5 Rf8
15. Ne2 Nexd5 16. Ng3 Bg6 17. Re1 c6 18. Bd3 Re8 19. Bxg6 hxg6 20. Qd3 Re6 21.
Ne4 Nxe3 22. fxe3 Nd7 23. Rcd1 Qa5 24. b4 Qf5 25. Nxf6+ Nxf6 26. Ne5 Qxd3 27.
Rxd3 Rd8 28. Rb3 Rd5 29. Rf1 Ne4 30. Rb2 Re7 31. Rc2 g5 32. h4 gxh4 33. Rf4 g5
34. Rxe4 f5 35. Ng4 Rxe4 36. Nf6+ Kf7 37. Nxd5 cxd5 38. Kf2 f4 39. Rc7+ Re7 40.
Rxe7+ Kxe7 41. exf4 Kf6 42. fxg5+ Kxg5 43. Kf3 b5 0-1

[Event "III Memorial Oliver Gonzalez (Torneo A)"]
[Site "Polideportivo Daoiz y Velarde,"]
[Date "2012.09.01"]
[Round "1"]
[White "Adan Bermudez, Sergio"]
[Black "Angelina Vela, Carlos"]
[Result "1-0"]
[WhiteElo "2308"]
[BlackElo "2013"]
[PlyCount "87"]
[EventDate "2012.09.01"]
[EventRounds "9"]
[EventCountry "ESP"]

1. c4 e5 2. g3 Nf6 3. Bg2 d5 4. cxd5 Nxd5 5. Nf3 Nc6 6. O-O Be7 7. d4 exd4 8.
Nxd4 Nxd4 9. Qxd4 Nf6 10. Qa4+ c6 11. Nc3 O-O 12. e4 Be6 13. Be3 Qc8 14. Rac1
Bh3 15. e5 Bxg2 16. Kxg2 Ng4 17. Nd5 Nxe3+ 18. Nxe3 Qe6 19. f4 Rfd8 20. Qc4
Rd2+ 21. Rf2 Rxf2+ 22. Kxf2 Qh3 23. Kg1 Rd8 24. Qc2 Bc5 25. Qe2 Bb6 26. Kh1 Qd7
27. Rd1 Qe6 28. Rxd8+ Bxd8 29. Qd3 Be7 30. b3 h5 31. Kg2 b5 32. Qd4 c5 33. Qd5
Qxd5+ 34. Nxd5 Bd8 35. Kf3 Kf8 36. f5 Bb6 37. Ke4 Ke8 38. Nc3 b4 39. Nd5 Kd7
40. Nxb6+ axb6 41. Kd5 g5 42. h3 g4 43. hxg4 hxg4 44. f6 1-0

[Event "III Memorial Oliver Gonzalez (Torneo A)"]
[Site "Polideportivo Daoiz y Velarde,"]
[Date "2012.09.01"]
[Round "1"]
[White "Lopez Moll, Jose Manuel"]
[Black "Renteria, Jorge"]
[Result "0-1"]
[WhiteElo "1991"]
[BlackElo "2310"]
[PlyCount "72"]
[EventDate "2012.09.01"]
[EventRounds "9"]
[EventCountry "ESP"]

1. e4 c5 2. Nf3 d6 3. d4 cxd4 4. Nxd4 Nf6 5. Nc3 a6 6. Be3 e5 7. Nb3 Be6 8. f3
Be7 9. Qd2 O-O 10. O-O-O Nbd7 11. Kb1 b5 12. g4 b4 13. Nd5 Bxd5 14. exd5 Nb6
15. Na5 Nfxd5 16. Nc6 Qc7 17. Bxb6 Nxb6 18. Nxe7+ Qxe7 19. Qxb4 Rab8 20. Be2
Nd5 21. Qa3 Nf4 22. Bc4 Rfd8 23. Bb3 Qc7 24. Bd5 Rb6 25. Rd2 Rdb8 26. b3 Rc8
27. Qb2 a5 28. a4 Qc5 29. Rhd1 g6 30. h4 Qe3 31. Be4 Ne2 32. Rd3 Qc5 33. c4 Nd4
34. Rc3 Rcb8 35. Rdd3 Qb4 36. Ka2 Qxa4+ 0-1

[Event "III Memorial Oliver Gonzalez (Torneo A)"]
[Site "Polideportivo Daoiz y Velarde,"]
[Date "2012.09.01"]
[Round "1"]
[White "Ortega Ruiz, Jose M"]
[Black "Corisco Beltran, Rafael"]
[Result "1-0"]
[WhiteElo "2300"]
[BlackElo "1979"]
[PlyCount "65"]
[EventDate "2012.09.01"]
[EventRounds "9"]
[EventCountry "ESP"]

1. e4 c5 2. Nf3 Nc6 3. d4 cxd4 4. Nxd4 g6 5. Be2 Bg7 6. Nb3 Nf6 7. Nc3 O-O 8.
O-O a5 9. a4 d6 10. Kh1 Be6 11. f4 Bxb3 12. cxb3 Nd7 13. Be3 Nc5 14. Bf3 Qb6
15. Ra3 Rad8 16. Qe2 Qa6 17. Nb5 Nb4 18. Rd1 Qc6 19. Nc3 e6 20. e5 d5 21. Nb5
b6 22. Rc1 f5 23. Bd4 Rf7 24. Raa1 Bf8 25. Rc3 Qb7 26. Nd6 Rxd6 27. exd6 Ne4
28. Bxe4 fxe4 29. Be5 Na6 30. Qb5 Nc5 31. Rac1 Bh6 32. Rxc5 bxc5 33. Rxc5 1-0

[Event "III Memorial Oliver Gonzalez (Torneo A)"]
[Site "Polideportivo Daoiz y Velarde,"]
[Date "2012.09.01"]
[Round "1"]
[White "Martin Rueda, Daniel"]
[Black "Largo Barbero, Benito"]
[Result "1-0"]
[WhiteElo "2297"]
[BlackElo "1885"]
[PlyCount "35"]
[EventDate "2012.09.01"]
[EventRounds "9"]
[EventCountry "ESP"]

1. d4 Nf6 2. Bg5 c6 3. Bxf6 exf6 4. e3 d5 5. g3 Bd6 6. Bg2 Be6 7. Nd2 Qb6 8.
Qc1 Nd7 9. Ne2 g5 10. O-O g4 11. e4 h5 12. c4 dxc4 13. d5 cxd5 14. exd5 Bf5 15.
Nxc4 Qa6 16. Nd4 Bg6 17. Nxd6+ Qxd6 18. Nb5 1-0

[Event "III Memorial Oliver Gonzalez (Torneo A)"]
[Site "Polideportivo Daoiz y Velarde,"]
[Date "2012.09.01"]
[Round "1"]
[White "Hernandez Gutierrez, Jose"]
[Black "Jimenez Martinez, Jose Vicente"]
[Result "0-1"]
[WhiteElo "1877"]
[BlackElo "2277"]
[PlyCount "66"]
[EventDate "2012.09.01"]
[EventRounds "9"]
[EventCountry "ESP"]

1. e4 d6 2. d4 g6 3. Nc3 Bg7 4. f4 Nf6 5. Nf3 c5 6. Bb5+ Bd7 7. e5 Ng4 8. Bxd7+
Qxd7 9. h3 cxd4 10. Qxd4 Nh6 11. g4 Nc6 12. Qf2 dxe5 13. fxe5 O-O 14. Bf4 f6
15. Qe2 Nd4 16. Qc4+ Ne6 17. Rd1 Qc8 18. Qxc8 Raxc8 19. Be3 fxe5 20. Bxh6 Bxh6
21. Nxe5 Bg7 22. Nd3 Bxc3+ 23. bxc3 Rxc3 24. Rd2 Nd4 25. Kd1 Rfc8 26. Nb4 R8c4
27. Nd5 Ra3 28. Nxe7+ Kf7 29. Nc8 Rxa2 30. Rf2+ Kg7 31. Rhf1 Ra1+ 32. Kd2 Rxf1
33. Rxf1 Rxc8 0-1

[Event "III Memorial Oliver Gonzalez (Torneo A)"]
[Site "Polideportivo Daoiz y Velarde,"]
[Date "2012.09.01"]
[Round "1"]
[White "Ananian, Arman"]
[Black "Martin Duque, Jesus"]
[Result "1/2-1/2"]
[WhiteElo "1866"]
[BlackElo "2261"]
[PlyCount "76"]
[EventDate "2012.09.01"]
[EventRounds "9"]
[EventCountry "ESP"]

1. Nf3 Nf6 2. g3 d5 3. Bg2 c6 4. O-O Bf5 5. d3 h6 6. Nbd2 Nbd7 7. c4 e5 8. cxd5
cxd5 9. Nh4 Be6 10. e4 g6 11. Kh1 Bg7 12. f4 exf4 13. gxf4 dxe4 14. f5 gxf5 15.
Nxf5 Bxf5 16. Rxf5 O-O 17. Nxe4 Nxe4 18. Bxe4 Qb6 19. Qf3 Ne5 20. Rxe5 Bxe5 21.
Qf5 Rfe8 22. Qh7+ Kf8 23. Bxh6+ Ke7 24. Rf1 Qe6 25. Bg5+ Kd6 26. Rxf7 Qg4 27.
Qh6+ Qe6 28. Qxe6+ Kxe6 29. Rxb7 Rab8 30. Rxa7 Rxb2 31. Ra6+ Bd6 32. Bf4 Rd8
33. d4 Rd7 34. h4 Ke7 35. Bxd6+ Rxd6 36. Rxd6 Kxd6 37. h5 Re2 38. Bf3 Rf2 {
(... 60)} 1/2-1/2

[Event "III Memorial Oliver Gonzalez (Torneo A)"]
[Site "Polideportivo Daoiz y Velarde,"]
[Date "2012.09.01"]
[Round "1"]
[White "Garcia Salamero, Gabriel"]
[Black "Dierssen Garcia-Barredo, Guill"]
[Result "1-0"]
[WhiteElo "2239"]
[BlackElo "1862"]
[PlyCount "77"]
[EventDate "2012.09.01"]
[EventRounds "9"]
[EventCountry "ESP"]

1. e4 e6 2. d4 d5 3. e5 c5 4. c3 Qb6 5. Nf3 Nc6 6. a3 c4 7. g3 Na5 8. Nbd2 Ne7
9. Bh3 Bd7 10. O-O Qc7 11. Ne1 O-O-O 12. f4 f5 13. exf6 gxf6 14. Nef3 Ng6 15.
Re1 Re8 16. f5 e5 17. b4 cxb3 18. Nxb3 Nc4 19. dxe5 Ngxe5 20. Nfd4 Bd6 21. Bf4
Nf7 22. Bxd6 Qxd6 23. Ne6 h5 24. Bg2 h4 25. Qxd5 Qxd5 26. Bxd5 Ncd6 27. Nbd4
hxg3 28. hxg3 Nh6 29. Rab1 b6 30. c4 Nhxf5 31. Nxf5 Nxf5 32. c5 Reg8 33. cxb6
Rxg3+ 34. Kf1 Kb8 35. bxa7+ Kxa7 36. Rb7+ Ka6 37. Nc5+ Ka5 38. Nxd7 Rh2 39.
Ra7+ 1-0

[Event "III Memorial Oliver Gonzalez (Torneo A)"]
[Site "Polideportivo Daoiz y Velarde,"]
[Date "2012.09.01"]
[Round "1"]
[White "De La Orden Alcocer, Alejandro"]
[Black "Suarez Uriel, Adrian"]
[Result "0-1"]
[WhiteElo "1857"]
[BlackElo "2245"]
[PlyCount "62"]
[EventDate "2012.09.01"]
[EventRounds "9"]
[EventCountry "ESP"]

1. c4 e5 2. g3 Nf6 3. Bg2 h6 4. Nc3 Bb4 5. Qc2 O-O 6. a3 Bxc3 7. Qxc3 Nc6 8. d3
d5 9. cxd5 Nxd5 10. Qc5 Be6 11. Nf3 a5 12. O-O Re8 13. Bd2 Nb6 14. Rac1 Bg4 15.
Be3 a4 16. Rfe1 Nd7 17. Qc4 Be6 18. Qb5 Qc8 19. Nd2 Ra5 20. Bxc6 Rxb5 21. Bxb5
c6 22. Ne4 Qa8 23. Bc4 b5 24. Bxe6 Rxe6 25. Nc5 Nxc5 26. Rxc5 f5 27. Bd2 Qd8
28. Rc2 h5 29. Rec1 Qf6 30. f4 exf4 31. Bxf4 g5 0-1

[Event "III Memorial Oliver Gonzalez (Torneo A)"]
[Site "Polideportivo Daoiz y Velarde,"]
[Date "2012.09.01"]
[Round "1"]
[White "Aranaz Murillo, Amalia"]
[Black "Veiga Rodriguez, Pablo"]
[Result "1-0"]
[WhiteElo "2213"]
[BlackElo "1602"]
[PlyCount "83"]
[EventDate "2012.09.01"]
[EventRounds "9"]
[EventCountry "ESP"]

1. Nf3 Nf6 2. c4 a6 3. g3 b5 4. b3 Bb7 5. Bg2 e6 6. O-O c5 7. Nc3 Qb6 8. e3 Be7
9. Qe2 O-O 10. Rd1 Bc6 11. d4 Ne4 12. Bb2 Nxc3 13. Bxc3 b4 14. Bb2 a5 15. d5
exd5 16. cxd5 Bb5 17. Qc2 Qg6 18. Qxg6 hxg6 19. d6 Bf6 20. Bxf6 gxf6 21. Nd4
Bc6 22. Nxc6 Nxc6 23. Bxc6 dxc6 24. Rac1 Rfd8 25. Rxc5 Ra6 26. e4 Kf8 27. f4
Ke8 28. e5 f5 29. a3 Rb8 {(=)} 30. Ra1 bxa3 31. Rxa3 Rb5 32. Rxb5 cxb5 33. Kf2
Kd7 {(=)} 34. Ke3 Ke6 35. Kd4 f6 36. Kc5 fxe5 37. fxe5 Kxe5 38. b4 a4 39. Re3+
Kf6 40. d7 a3 41. d8=Q+ Kg7 42. Re7+ 1-0

[Event "III Memorial Oliver Gonzalez (Torneo A)"]
[Site "Polideportivo Daoiz y Velarde,"]
[Date "2012.09.01"]
[Round "1"]
[White "Moreno Ibañez, Miguel"]
[Black "Rubio Mejia, Luis Ignacio"]
[Result "0-1"]
[WhiteElo "2093"]
[BlackElo "2430"]
[PlyCount "130"]
[EventDate "2012.09.01"]
[EventRounds "9"]
[EventCountry "ESP"]

1. e4 c5 2. Nf3 d6 3. d4 cxd4 4. Nxd4 Nf6 5. Nc3 a6 6. Be2 e5 7. Nb3 Be7 8. Bg5
Be6 9. Bxf6 Bxf6 10. Qd3 Bg5 11. Rd1 Be7 12. Nd5 Bxd5 13. Qxd5 Nc6 14. c3 Qc7
15. Nd2 Rd8 16. Nc4 O-O 17. O-O b5 18. Ne3 Bg5 19. Qd3 Bxe3 20. Qxe3 Rb8 21. b4
a5 22. a3 Rfd8 23. Rd5 Na7 24. bxa5 Qxa5 25. c4 Nc6 26. c5 dxc5 27. Qxc5 Nd4
28. Bd1 Rxd5 29. exd5 Qb6 30. Qe7 {(=)} Qf6 31. Qc5 Rd8 32. a4 bxa4 33. Bxa4
Qd6 34. Qxd6 Rxd6 35. Re1 Rxd5 36. f4 f6 37. fxe5 fxe5 38. Rd1 Ra5 39. Bd7 Kf7
40. Rd2 h5 41. Kf2 g5 42. Ke3 Ke7 43. Bc8 Rc5 44. Ba6 Nf5+ 45. Ke4 Nd6+ 46. Ke3
Rc3+ 47. Rd3 Rc5 48. Ra3 Rc2 49. Bf1 Ke6 50. Ra6 Rc3+ 51. Kd2 Rc5 52. Be2 h4
53. Bg4+ Kd5 54. Be2 e4 55. Ra3 Ke5 56. Ra8 Rd5+ 57. Ke1 Nf5 58. Rg8 Kf4 59.
Rf8 Ra5 60. Rf7 Ra1+ 61. Kd2 Ra2+ 62. Ke1 Ke3 63. Rxf5 Rxe2+ 64. Kf1 Ra2 65. g3
h3 0-1

[Event "III Memorial Oliver Gonzalez (Torneo A)"]
[Site "Polideportivo Daoiz y Velarde,"]
[Date "2012.09.02"]
[Round "2"]
[White "Fedorchuk, Sergey A"]
[Black "Elissalt Cardenas, Hector"]
[Result "1-0"]
[WhiteElo "2646"]
[BlackElo "2353"]
[PlyCount "49"]
[EventDate "2012.09.01"]
[EventRounds "9"]
[EventCountry "ESP"]

1. e4 d6 2. d4 Nf6 3. Nc3 Nbd7 4. g4 h6 5. h3 e5 6. Nge2 b5 7. Bg2 b4 8. Nd5
Nxd5 9. exd5 Bb7 10. a3 bxa3 11. Rxa3 Nb6 12. c4 Qd7 13. Qc2 Be7 14. O-O O-O
15. Ng3 Rfe8 16. Nf5 exd4 17. Nxd4 Bf8 18. b4 Qd8 19. Bb2 a6 20. Rd1 Nd7 21. f4
Nf6 22. Rf1 Nd7 23. Nf5 Rc8 24. Rg3 Nf6 25. g5 1-0

[Event "III Memorial Oliver Gonzalez (Torneo A)"]
[Site "Polideportivo Daoiz y Velarde,"]
[Date "2012.09.02"]
[Round "2"]
[White "Moreno Tejera, Emilio"]
[Black "Kravtsiv, Martyn"]
[Result "0-1"]
[WhiteElo "2358"]
[BlackElo "2581"]
[PlyCount "110"]
[EventDate "2012.09.01"]
[EventRounds "9"]
[EventCountry "ESP"]

1. e4 e6 2. d4 d5 3. Nc3 Bb4 4. exd5 exd5 5. Bd3 Nc6 6. a3 Bxc3+ 7. bxc3 Nge7
8. Qh5 g6 9. Qf3 Bf5 10. Rb1 b6 11. Ne2 Qd7 12. O-O O-O-O 13. Ng3 Bxd3 14. cxd3
f5 15. Bg5 h6 16. Bxe7 Qxe7 17. a4 Rhe8 18. Qd1 Kb7 19. Qd2 Qf6 20. Qf4 Rf8 21.
Rfe1 g5 22. Qf3 Qg6 23. Qh5 Qd6 24. Nf1 Na5 25. Ne3 Qc6 26. Rec1 Rf6 27. h4 Rg8
28. Qf3 gxh4 29. c4 f4 30. Nxd5 Rfg6 31. Kh1 Rxg2 32. Rg1 R2g5 33. Qxf4 Qd7 34.
Rxg5 Rxg5 35. Qf3 c6 36. Nf6 Qxd4 37. Ne4 Rg7 38. c5 Ka6 39. cxb6 axb6 40. Qf8
Ka7 41. Rg1 Rxg1+ 42. Kxg1 Qxd3 43. Nd6 Qg6+ 44. Kh2 Qe6 45. Qd8 Nc4 46. Qc7+
Ka6 47. Qb7+ Ka5 48. Qa7+ Kb4 49. Nxc4 Qxc4 50. Qxb6+ Kxa4 51. Kh3 Qb3+ 52.
Qxb3+ Kxb3 53. f4 Kc4 54. Kxh4 Kd5 55. Kh5 Ke4 0-1

[Event "III Memorial Oliver Gonzalez (Torneo A)"]
[Site "Polideportivo Daoiz y Velarde,"]
[Date "2012.09.02"]
[Round "2"]
[White "Perez Gonzalez, Jose Manuel"]
[Black "Vovk, Andrey"]
[Result "0-1"]
[WhiteElo "2333"]
[BlackElo "2549"]
[PlyCount "112"]
[EventDate "2012.09.01"]
[EventRounds "9"]
[EventCountry "ESP"]

1. e4 e5 2. Nf3 Nc6 3. d4 exd4 4. Bc4 Bc5 5. c3 Nf6 6. e5 d5 7. Bb5 Ne4 8. cxd4
Bb6 9. Nc3 O-O 10. O-O Bg4 11. Be3 f6 12. exf6 Nxf6 13. Be2 Qd6 14. a3 Rae8 15.
Rc1 Bh5 16. h3 Kh8 17. Nd2 Bxe2 18. Nxe2 Ne4 19. Nxe4 Rxe4 20. Nc3 Re6 21. Na4
Ne7 22. Qc2 c6 23. Nxb6 axb6 24. Bd2 Qd7 25. Bb4 Rf4 26. Bxe7 Qxe7 27. Qc3 Re2
28. f3 Rf6 29. Rce1 Rfe6 30. Rxe2 Rxe2 31. Rf2 Re1+ 32. Kh2 Qd6+ 33. g3 Qe7 34.
Qd2 Qe3 35. Kg2 Kg8 36. Qxe3 Rxe3 37. Rd2 Kf7 38. Kf2 Rb3 39. g4 g5 40. Kg3 h6
41. Kf2 Ke6 42. Kg3 c5 43. dxc5 bxc5 44. h4 gxh4+ 45. Kf4 d4 46. Ke4 Re3+ 47.
Kf4 Kd5 48. Rh2 Re6 49. Rxh4 d3 50. Rh1 d2 51. Rd1 Re2 52. Kf5 Kd4 53. Kg6 Ke3
54. Kxh6 Kxf3 55. g5 Rh2+ 56. Kg7 Ke2 0-1

[Event "III Memorial Oliver Gonzalez (Torneo A)"]
[Site "Polideportivo Daoiz y Velarde,"]
[Date "2012.09.02"]
[Round "2"]
[White "Chueca Forcen, Alberto"]
[Black "Anton Guijarro, David"]
[Result "0-1"]
[WhiteElo "2313"]
[BlackElo "2546"]
[PlyCount "120"]
[EventDate "2012.09.01"]
[EventRounds "9"]
[EventCountry "ESP"]

1. d4 g6 2. Nf3 Nf6 3. Bf4 d6 4. e3 Bg7 5. Be2 O-O 6. h3 c5 7. c3 Be6 8. O-O
Qb6 9. Qc2 cxd4 10. cxd4 Nd5 11. Bg3 Nc6 12. Nc3 Rac8 13. Nxd5 Bxd5 14. Qd2
Rfd8 15. Rfc1 e5 16. Bh4 f6 17. Bc4 Bxc4 18. Rxc4 Nxd4 19. Rxc8 Nxf3+ 20. gxf3
Rxc8 21. Qd5+ Kf8 22. Rd1 g5 23. Bg3 Rc5 24. Qe6 d5 25. Qd7 Qc6 26. Qd8+ Kf7
27. Kh2 d4 28. exd4 Rd5 29. Qb8 Rxd4 30. Rxd4 exd4 31. Qd8 Qxf3 32. Qxd4 a6 33.
Qd7+ Kg6 34. Qe8+ Kh6 35. Qf7 Qe4 36. Kg1 Qb1+ 37. Kg2 Qxb2 38. h4 Qb6 39. Kh3
Qc6 40. f4 gxh4 41. Kg4 f5+ 42. Qxf5 Qg6+ 43. Qg5+ Qxg5+ 44. fxg5+ Kg6 45. Bxh4
Bc3 46. a4 Bd2 47. Bf2 Bxg5 48. Be1 h5+ 49. Kf3 Kf5 50. Bc3 Bf6 51. Be1 Ke5 52.
Bc3+ Ke6 53. Be1 Kd5 54. Kf4 Bd8 55. Kf5 Kc4 56. Ke6 h4 57. Kd7 h3 58. Bg3 Bh4
59. Be5 Kd5 60. Bc7 b5 0-1

[Event "III Memorial Oliver Gonzalez (Torneo A)"]
[Site "Polideportivo Daoiz y Velarde,"]
[Date "2012.09.02"]
[Round "2"]
[White "Renteria, Jorge"]
[Black "Horvath, Adam"]
[Result "0-1"]
[WhiteElo "2310"]
[BlackElo "2495"]
[PlyCount "70"]
[EventDate "2012.09.01"]
[EventRounds "9"]
[EventCountry "ESP"]

1. e4 c5 2. Nf3 Nc6 3. d4 cxd4 4. Nxd4 Qc7 5. Nc3 e6 6. Be3 Nf6 7. Qd2 Nxd4 8.
Qxd4 Ng4 9. Nb5 Qc6 10. e5 Nxe3 11. fxe3 Bc5 12. Nd6+ Bxd6 13. exd6 O-O 14.
O-O-O b6 15. Be2 Bb7 16. Bf3 Qc8 17. Bxb7 Qxb7 18. h4 Rac8 19. Kb1 Qxg2 20. c3
f6 21. Rhg1 Qe2 22. Qa4 Qc4 23. Qc2 f5 24. Rd4 Qc5 25. h5 Rf7 26. Qg2 Rcf8 27.
h6 g6 28. Rgd1 f4 29. exf4 Rxf4 30. Rxf4 Rxf4 31. Qa8+ Rf8 32. Qxa7 Qf5+ 33.
Kc1 Qf4+ 34. Kb1 Qe4+ 35. Ka1 Qd3 0-1

[Event "III Memorial Oliver Gonzalez (Torneo A)"]
[Site "Polideportivo Daoiz y Velarde,"]
[Date "2012.09.02"]
[Round "2"]
[White "Moreno Ruiz, Javier"]
[Black "Adan Bermudez, Sergio"]
[Result "1-0"]
[WhiteElo "2492"]
[BlackElo "2308"]
[PlyCount "69"]
[EventDate "2012.09.01"]
[EventRounds "9"]
[EventCountry "ESP"]

1. d4 d6 2. Nf3 g6 3. e4 Nf6 4. Bd3 Bg7 5. O-O O-O 6. c3 c5 7. h3 Nc6 8. d5 Ne5
9. Nxe5 dxe5 10. c4 Ne8 11. Nc3 Nd6 12. Be3 b6 13. a3 f5 14. f3 f4 15. Bf2 Bd7
16. b4 Rc8 17. bxc5 bxc5 18. a4 g5 19. a5 h5 20. Na4 Bxa4 21. Qxa4 g4 22. hxg4
hxg4 23. fxg4 f3 24. Be3 fxg2 25. Rxf8+ Qxf8 26. Qd1 Rb8 27. Ra2 Qc8 28. Rxg2
Rb4 29. Qe2 Ra4 30. Bd2 e6 31. g5 exd5 32. Qh5 Ra1+ 33. Kh2 dxe4 34. Rf2 Nf5
35. Bxe4 1-0

[Event "III Memorial Oliver Gonzalez (Torneo A)"]
[Site "Polideportivo Daoiz y Velarde,"]
[Date "2012.09.02"]
[Round "2"]
[White "Lariño Nieto, David"]
[Black "Ortega Ruiz, Jose M"]
[Result "0-1"]
[WhiteElo "2487"]
[BlackElo "2300"]
[PlyCount "56"]
[EventDate "2012.09.01"]
[EventRounds "9"]
[EventCountry "ESP"]

1. b3 e5 2. Bb2 Nc6 3. e3 Nf6 4. Bb5 Bd6 5. Nf3 e4 6. Nh4 Be5 7. Nc3 a6 8. Be2
d5 9. f4 Bd6 10. d3 Ng4 11. Nxd5 Qxh4+ 12. g3 Qh3 13. Bf1 Qh6 14. dxe4 Nb4 15.
Qe2 Nxd5 16. exd5 Bb4+ 17. c3 Bc5 18. b4 Bxe3 19. h3 Kd8 20. Bg2 Nf6 21. d6 Re8
22. dxc7+ Kxc7 23. Kf1 Be6 24. c4 Bf5 25. Rd1 Nh5 26. Qf3 Be4 27. Qg4 f5 28.
Qh4 g5 0-1

[Event "III Memorial Oliver Gonzalez (Torneo A)"]
[Site "Polideportivo Daoiz y Velarde,"]
[Date "2012.09.02"]
[Round "2"]
[White "Jimenez Martinez, Jose Vicente"]
[Black "Forcen Esteban, Daniel"]
[Result "1/2-1/2"]
[WhiteElo "2277"]
[BlackElo "2469"]
[PlyCount "137"]
[EventDate "2012.09.01"]
[EventRounds "9"]
[EventCountry "ESP"]

1. d4 Nf6 2. c4 g6 3. Nc3 Bg7 4. e4 d6 5. f3 O-O 6. Be3 Nfd7 7. Qd2 c5 8. d5
Qa5 9. Nb5 Qb6 10. a4 a6 11. Nc3 Qb4 12. Nd1 a5 13. Qxb4 axb4 14. Ra2 b3 15.
Ra3 Na6 16. Rxb3 Nb4 17. Kd2 Rxa4 18. Ra3 Nb6 19. Nc3 Ra6 20. Bd3 f5 21. Rxa6
bxa6 22. b3 Nxd3 23. Kxd3 fxe4+ 24. Nxe4 a5 25. Ne2 Ba6 26. N2c3 Rb8 27. Nd2 a4
28. Rb1 a3 29. Kc2 Nxc4 30. bxc4 Rxb1 31. Ndxb1 Bxc4 32. Nxa3 Bf1 33. g3 Bg2
34. Nab1 Bxf3 35. Nd2 Bg2 36. Nce4 Kf7 37. Kd3 h6 38. Ke2 Bh3 39. Kf3 Bc8 40.
Nc4 Bf8 41. Nc3 Ba6 42. Na5 Bg7 43. Ne4 g5 44. Bd2 Bd3 45. Ke3 Bb1 46. Nc3 Bd4+
47. Ke2 Bxc3 48. Bxc3 Ba2 49. Kd3 Bxd5 50. Nc4 Kg6 51. Ne3 Bb7 52. Ba5 h5 53.
Bd8 Kf6 54. h3 Ke6 55. g4 hxg4 56. hxg4 Bf3 57. Kc4 Kd7 58. Bb6 Kc6 59. Bd8 d5+
60. Kd3 Kd6 61. Kd2 Kd7 62. Bb6 c4 63. Bd4 Be4 64. Kc3 Kd6 65. Nxc4+ dxc4 66.
Be3 Kd5 67. Bxg5 e5 68. Bf6 Bg6 69. Bxe5 1/2-1/2

[Event "III Memorial Oliver Gonzalez (Torneo A)"]
[Site "Polideportivo Daoiz y Velarde,"]
[Date "2012.09.02"]
[Round "2"]
[White "Suarez Uriel, Adrian"]
[Black "Arribas Lopez, Angel"]
[Result "0-1"]
[WhiteElo "2245"]
[BlackElo "2467"]
[PlyCount "98"]
[EventDate "2012.09.01"]
[EventRounds "9"]
[EventCountry "ESP"]

1. e4 c5 2. Nf3 Nf6 3. e5 Nd5 4. Nc3 e6 5. Nxd5 exd5 6. d4 Nc6 7. dxc5 Bxc5 8.
Bd3 d6 9. exd6 Qxd6 10. O-O Bg4 11. Re1+ Kf8 12. Bg5 f6 13. Be3 d4 14. Bd2 Bb6
15. Re4 Be6 16. Nh4 Qd7 17. f4 f5 18. Re1 g6 19. b4 a5 20. b5 Nb4 21. Qe2 Re8
22. Qe5 Kf7 23. Nf3 Nxd3 24. cxd3 Bc7 25. Ng5+ Kg8 26. Qe2 Bf7 27. Qf3 Rxe1+
28. Rxe1 Bd5 29. Re7 Qxb5 30. Qe2 Bd6 31. Re6 Qd7 32. Re8+ Kg7 33. Rxh8 Kxh8
34. Qf2 Qa4 35. Qe1 Bxa2 36. Bxa5 Bxf4 37. Bd2 Bd6 38. Qc1 Qb5 39. Nf3 Qb1 40.
Kf2 Qxc1 41. Bxc1 Bd5 42. Bb2 Bxf3 43. Bxd4+ Kg8 44. Kxf3 Kf7 45. h3 b5 46. Ke3
Ke6 47. Bc3 Kd5 48. Bb2 b4 49. Bc1 Be5 0-1

[Event "III Memorial Oliver Gonzalez (Torneo A)"]
[Site "Polideportivo Daoiz y Velarde,"]
[Date "2012.09.02"]
[Round "2"]
[White "Barria Zuñiga, Daniel"]
[Black "Martin Rueda, Daniel"]
[Result "1/2-1/2"]
[WhiteElo "2432"]
[BlackElo "2297"]
[PlyCount "63"]
[EventDate "2012.09.01"]
[EventRounds "9"]
[EventCountry "ESP"]

1. d4 Nf6 2. c4 e6 3. Nf3 Bb4+ 4. Nbd2 b6 5. g3 Ba6 6. Qc2 Bb7 7. Bg2 Be4 8.
Qd1 O-O 9. O-O Bxd2 10. Qxd2 d5 11. b3 Nbd7 12. Ba3 Re8 13. Rac1 Rc8 14. Rfd1
c6 15. Qf4 h6 16. Qd6 dxc4 17. bxc4 Qc7 18. Qxc7 Rxc7 19. Bd6 Rcc8 20. Ne5 Bxg2
21. Kxg2 c5 22. f3 cxd4 23. Nxd7 Nxd7 24. Rxd4 Rc6 25. Ba3 Nc5 26. Kf2 Rec8 27.
Rcd1 Nb7 28. Rd7 R8c7 29. Rxc7 Rxc7 30. Rd4 Na5 31. c5 b5 32. Rd8+ 1/2-1/2

[Event "III Memorial Oliver Gonzalez (Torneo A)"]
[Site "Polideportivo Daoiz y Velarde,"]
[Date "2012.09.02"]
[Round "2"]
[White "Rubio Mejia, Luis Ignacio"]
[Black "Garcia Salamero, Gabriel"]
[Result "1-0"]
[WhiteElo "2430"]
[BlackElo "2239"]
[PlyCount "84"]
[EventDate "2012.09.01"]
[EventRounds "9"]
[EventCountry "ESP"]

1. d4 d5 2. c4 e6 3. Nc3 Be7 4. cxd5 exd5 5. Bf4 c6 6. Qc2 Bd6 7. Bxd6 Qxd6 8.
e3 Ne7 9. Bd3 f5 10. Nf3 Be6 11. O-O O-O 12. b4 Nd7 13. b5 c5 14. dxc5 Nxc5 15.
Ne2 Rac8 16. Nfd4 Bd7 17. Rad1 Qe5 18. Qb1 Nxd3 19. Qxd3 Rfd8 20. Qa3 Ra8 21.
Qb3 Be8 22. Nf4 Bf7 23. h4 h6 24. h5 Rac8 25. Rd2 Rd7 26. Rfd1 Rdc7 27. Qa3 b6
28. Qb2 Rc4 29. Qb3 Rc3 30. Qb4 Rc1 31. Qa3 Rxd1+ 32. Rxd1 Rc7 33. Rc1 Rxc1+
34. Qxc1 Qd6 35. Qb1 Qd7 36. Qc2 Be8 37. a4 Bf7 38. Qc3 Qd6 39. Nxf5 Nxf5 40.
Qc8+ Qf8 41. Qxf5 Qc5 42. Qd7 Qc2 1-0

[Event "III Memorial Oliver Gonzalez (Torneo A)"]
[Site "Polideportivo Daoiz y Velarde,"]
[Date "2012.09.02"]
[Round "2"]
[White "Silva Rodriguez, Julio"]
[Black "Meszaros, Tamas"]
[Result "1/2-1/2"]
[WhiteElo "2102"]
[BlackElo "2428"]
[PlyCount "165"]
[EventDate "2012.09.01"]
[EventRounds "9"]
[EventCountry "ESP"]

1. e4 c5 2. Nc3 d6 3. Nge2 Nc6 4. d4 cxd4 5. Nxd4 Nf6 6. Be2 e6 7. O-O Be7 8.
Kh1 O-O 9. f4 Bd7 10. Nb3 a6 11. a4 Na5 12. e5 Ne8 13. Bd3 Nxb3 14. cxb3 Bc6
15. Qc2 g6 16. Be3 Qa5 17. Rae1 Rc8 18. Qf2 Qd8 19. Bb6 Bh4 20. Bxd8 Bxf2 21.
Rxf2 Rxd8 22. Be4 Rc8 23. Bxc6 Rxc6 24. Ne4 d5 25. Nf6+ Nxf6 26. exf6 h5 27. g4
hxg4 28. Kg2 Rd8 29. Kg3 Rb6 30. Re3 d4 31. Rd3 Rd5 32. Rc2 Rf5 33. Rc8+ Kh7
34. Kxg4 Rxf6 35. Rc4 Rf5 36. Rcxd4 Ra5 37. h4 Kg7 38. Rd6 Rxd6 39. Rxd6 b5 40.
axb5 Rxb5 41. Rxa6 Rxb3 42. h5 gxh5+ 43. Kxh5 Rxb2 44. Ra7 Rg2 45. Rb7 Kf6 46.
Ra7 Rg7 47. Ra5 Rg8 48. Ra7 Rb8 49. Kg4 Rb3 50. Rc7 Kg6 51. Ra7 f5+ 52. Kh4 Rf3
53. Ra4 Kf6 54. Rb4 Re3 55. Rb6 Rf3 56. Rb4 Ke7 57. Ra4 Rd3 58. Ra6 Rf3 59. Ra4
Kd6 60. Kg5 Kd5 61. Ra6 Re3 62. Rb6 Re4 63. Ra6 Kd4 64. Ra3 Kd5 65. Rd3+ Rd4
66. Re3 Ra4 67. Re5+ Kd6 68. Re3 Ke7 69. Rb3 Rc4 70. Ra3 Kd6 71. Rd3+ Ke7 72.
Ra3 {(=)} Rc6 73. Rd3 Rc1 74. Kh4 Rg1 75. Rd4 Rg4+ 76. Kh3 e5 77. Rd5 Rxf4 78.
Rxe5+ Kf6 79. Ra5 Rg4 80. Ra6+ Kg5 81. Ra5 Kf6 82. Ra6+ Kg5 83. Ra5 1/2-1/2